Entre archétype et scandale. La mise en place théologique de la catégorie morale du pauvre (notice n° 1583143)

détails MARC
000 -LEADER
fixed length control field 01485cam a2200217 4500500
005 - DATE AND TIME OF LATEST TRANSACTION
control field 20251228052238.0
041 ## - LANGUAGE CODE
Language code of text/sound track or separate title fre
042 ## - AUTHENTICATION CODE
Authentication code dc
100 10 - MAIN ENTRY--PERSONAL NAME
Personal name Dubrulle, Luc
Relator term author
245 00 - TITLE STATEMENT
Title Entre archétype et scandale. La mise en place théologique de la catégorie morale du pauvre
260 ## - PUBLICATION, DISTRIBUTION, ETC.
Date of publication, distribution, etc. 2009.<br/>
500 ## - GENERAL NOTE
General note 41
520 ## - SUMMARY, ETC.
Summary, etc. RésuméL’impératif deutéronomique « Qu’il n’y ait pas de pauvre chez toi » invite à comprendre la catégorie morale du pauvre comme scandale, et manifestation du péché contre l’alliance. Le Nouveau Testament et les Pères de l’Église mettent en place la catégorie morale du pauvre comme critère eschatologique constituant un facteur déterminant d’action et d’accélération de l’histoire. De sorte que le pauvre joue son rôle propre : il est le type de l’archétype qu’est Christ. Dans l’Eucharistie, l’absence du pauvre constitue la marque en creux de la communion de l’Église qui ne peut se comprendre que dans son extension sociale universelle. Ainsi dans le pauvre, présent ou absent, le Christ donne et convoque l’amour. Dans le Christ archétype, pauvreté et amour se fondent.
690 ## - LOCAL SUBJECT ADDED ENTRY--TOPICAL TERM (OCLC, RLIN)
Topical term or geographic name as entry element charité
690 ## - LOCAL SUBJECT ADDED ENTRY--TOPICAL TERM (OCLC, RLIN)
Topical term or geographic name as entry element eschatologie
690 ## - LOCAL SUBJECT ADDED ENTRY--TOPICAL TERM (OCLC, RLIN)
Topical term or geographic name as entry element eucharistie
690 ## - LOCAL SUBJECT ADDED ENTRY--TOPICAL TERM (OCLC, RLIN)
Topical term or geographic name as entry element pauvre
690 ## - LOCAL SUBJECT ADDED ENTRY--TOPICAL TERM (OCLC, RLIN)
Topical term or geographic name as entry element pauvreté
786 0# - DATA SOURCE ENTRY
Note Transversalités | 111 | 3 | 2009-10-01 | p. 23-33 | 1286-9449
856 41 - ELECTRONIC LOCATION AND ACCESS
Uniform Resource Identifier <a href="https://shs.cairn.info/revue-transversalites-2009-3-page-23?lang=fr&redirect-ssocas=7080">https://shs.cairn.info/revue-transversalites-2009-3-page-23?lang=fr&redirect-ssocas=7080</a>

Pas d'exemplaire disponible.

PLUDOC

PLUDOC est la plateforme unique et centralisée de gestion des bibliothèques physiques et numériques de Guinée administré par le CEDUST. Elle est la plus grande base de données de ressources documentaires pour les Étudiants, Enseignants chercheurs et Chercheurs de Guinée.

Adresse

627 919 101/664 919 101

25 boulevard du commerce
Kaloum, Conakry, Guinée

Réseaux sociaux

Powered by Netsen Group @ 2025